[Event "Schloss op 1st"]
[Site "Heusenstamm"]
[Date "2014.11.20"]
[Round "1.1"]
[White "Li, Chao b"]
[Black "Modric, Vladimir"]
[Result "1-0"]
[WhiteElo "2722"]
[BlackElo "1888"]
[PlyCount "59"]
[EventDate "2014.11.??"]
[EventType "swiss"]
[EventRounds "7"]
[EventCountry "GER"]
[WhiteTeam "SK Schwaebisch Hall"]
[BlackTeam "SC 1965 Koenig Nied"]

1. c4 Nf6 2. Nc3 d6 3. d4 Nbd7 4. e4 e5 5. Nf3 Be7 6. Be2 O-O 7. O-O c6 8. Qc2
Qc7 9. Rd1 a6 10. a4 Re8 11. h3 Bf8 12. d5 c5 13. g4 g6 14. Be3 Bg7 15. Ne1 Nf8
16. a5 h5 17. f3 Kh8 18. Na4 N8d7 19. Nd3 Qxa5 20. b4 Qc7 21. bxc5 Nxc5 22.
Naxc5 dxc5 23. Nxc5 Bf8 24. Nd3 hxg4 25. hxg4 b5 26. c5 Nxd5 27. exd5 e4 28. d6
Qd8 29. Nf2 exf3 30. Bd4+ 1-0

[Event "Schloss op 1st"]
[Site "Heusenstamm"]
[Date "2014.11.20"]
[Round "1.3"]
[White "Sumets, Andrey"]
[Black "Haftmann, Rainer"]
[Result "1-0"]
[WhiteElo "2580"]
[BlackElo "1884"]
[PlyCount "75"]
[EventDate "2014.11.??"]
[EventType "swiss"]
[EventRounds "7"]
[EventCountry "GER"]
[WhiteTeam "SF Lilienthal"]
[BlackTeam "SG 1945 Dietzenbach"]

1. d4 Nf6 2. c4 e6 3. g3 d5 4. Nf3 c6 5. Bg2 Nbd7 6. Qc2 Bd6 7. O-O O-O 8. Nc3
Re8 9. Nd2 e5 10. cxd5 exd4 11. Nce4 Nxe4 12. Nxe4 Nf6 13. Nxd6 Qxd6 14. dxc6
Nd5 15. cxb7 Bxb7 16. Qd1 Qe5 17. Re1 Rad8 18. Bd2 Ba6 19. Bf3 Nc3 20. bxc3
dxc3 21. Bxc3 Rxd1 22. Bxe5 Rxe1+ 23. Rxe1 Rxe5 24. e3 Ra5 25. Rd1 g6 26. Rd8+
Kg7 27. Bd5 Bc8 28. Bxf7 Kxf7 29. Rxc8 Rxa2 30. Rc7+ Kg8 31. g4 a5 32. Ra7 a4
33. Kg2 h6 34. h4 Ra1 35. h5 g5 36. Kf3 a3 37. Ke4 a2 38. Kf5 1-0

[Event "Schloss op 1st"]
[Site "Heusenstamm"]
[Date "2014.11.20"]
[Round "1.4"]
[White "Eg, Karlheinz"]
[Black "Danin, Alexandre"]
[Result "0-1"]
[WhiteElo "1877"]
[BlackElo "2564"]
[PlyCount "60"]
[EventDate "2014.11.??"]
[EventType "swiss"]
[EventRounds "7"]
[EventCountry "GER"]
[WhiteTeam "SV Ruesselsheim"]
[BlackTeam "Bochumer SV"]

1. e4 c5 2. Nf3 e6 3. d4 cxd4 4. Nxd4 Nc6 5. c4 Nf6 6. Nc3 Bb4 7. Qd3 O-O 8.
Be2 d5 9. cxd5 exd5 10. Nxc6 bxc6 11. exd5 Nxd5 12. Bd2 Nxc3 13. Bxc3 Bxc3+ 14.
bxc3 Qa5 15. O-O Be6 16. Qc2 Rab8 17. Rfd1 g6 18. Rd4 Rfd8 19. Ra4 Qc5 20. Qc1
Rd7 21. h3 h5 22. Bf3 Rd3 23. Ra3 Rbd8 24. Ra6 Bxh3 25. Rxc6 Qf5 26. Be2 Qd5
27. gxh3 Rxh3 28. f3 Qxc6 29. Qg5 Qd6 30. f4 h4 0-1

[Event "Schloss op 1st"]
[Site "Heusenstamm"]
[Date "2014.11.20"]
[Round "1.5"]
[White "Borovikov, Vladislav"]
[Black "Budde, Michael"]
[Result "1-0"]
[WhiteElo "2556"]
[BlackElo "1876"]
[PlyCount "57"]
[EventDate "2014.11.??"]
[EventType "swiss"]
[EventRounds "7"]
[EventCountry "GER"]
[WhiteTeam "SC Siegburg"]
[BlackTeam "SC Floersheim 1921"]

1. d4 Nf6 2. Nf3 g6 3. c4 Bg7 4. g3 d6 5. Bg2 O-O 6. O-O Nbd7 7. Nc3 e5 8. e4
exd4 9. Nxd4 a5 10. h3 Nc5 11. Re1 Re8 12. Rb1 Nfd7 13. b3 Nf8 14. Be3 Nfe6 15.
Qd2 Nxd4 16. Bxd4 Bxd4 17. Qxd4 Ne6 18. Qd2 Kg7 19. Rbd1 Qg5 20. Qb2 Qf6 21. e5
dxe5 22. Nd5 Qd8 23. Nb6 Nd4 24. Nxa8 Bxh3 25. Nxc7 Qxc7 26. Rxd4 Bxg2 27. Kxg2
Qc6+ 28. Rd5 f6 29. f3 1-0

[Event "Schloss op 1st"]
[Site "Heusenstamm"]
[Date "2014.11.20"]
[Round "1.6"]
[White "Kreyssig, Bruno"]
[Black "Sadzikowski, Daniel"]
[Result "0-1"]
[WhiteElo "1875"]
[BlackElo "2496"]
[PlyCount "54"]
[EventDate "2014.11.??"]
[EventType "swiss"]
[EventRounds "7"]
[EventCountry "GER"]
[WhiteTeam "SG Leipzig"]
[BlackTeam "SC Heusenstamm"]

1. e4 c5 2. Nf3 e6 3. Nc3 a6 4. d4 cxd4 5. Nxd4 b5 6. g3 Bb7 7. Bg2 Nf6 8. Bg5
Be7 9. O-O b4 10. e5 Bxg2 11. Kxg2 bxc3 12. exf6 Bxf6 13. Qf3 cxb2 14. Rab1 Ra7
15. Rxb2 Bxg5 16. Rfb1 O-O 17. Rxb8 Qxb8 18. Rxb8 Rxb8 19. h4 Bf6 20. Nb3 Rc8
21. Qd3 d5 22. h5 Rc3 23. Qe2 h6 24. a4 Ra8 25. Kf1 Rc4 26. a5 Rac8 27. Ke1 Re4
0-1

[Event "Schloss op 1st"]
[Site "Heusenstamm"]
[Date "2014.11.20"]
[Round "1.7"]
[White "Pap, Misa"]
[Black "Modanese, Augusto"]
[Result "1/2-1/2"]
[WhiteElo "2473"]
[BlackElo "1875"]
[PlyCount "76"]
[EventDate "2014.11.??"]
[EventType "swiss"]
[EventRounds "7"]
[EventCountry "GER"]
[WhiteTeam "Sfr Korbach"]

1. e4 e6 2. d4 d5 3. e5 c5 4. c3 Nc6 5. Nf3 Nge7 6. Bd3 cxd4 7. cxd4 Nf5 8.
Bxf5 exf5 9. Nc3 Be6 10. h4 Be7 11. Bg5 O-O 12. Qd2 a6 13. O-O Rc8 14. Rfc1
Bxg5 15. hxg5 Ne7 16. Nh4 Ng6 17. Nxg6 hxg6 18. Ne2 Qe7 19. f4 Bd7 20. Kf2 Rxc1
21. Rxc1 Bb5 22. Nc3 Qb4 23. Ke3 Bc6 24. g3 f6 25. gxf6 gxf6 26. Ne4 Qe7 27.
Nd6 fxe5 28. dxe5 Rd8 29. Kd3 Rxd6 30. Rh1 Bb5+ 31. Kc2 Qc7+ 32. Kb1 Rd8 33. b3
d4 34. Qh2 Bd3+ 35. Kb2 Qc3+ 36. Ka3 Qa5+ 37. Kb2 Qc3+ 38. Ka3 Qa5+ 1/2-1/2

[Event "Schloss op 1st"]
[Site "Heusenstamm"]
[Date "2014.11.20"]
[Round "1.8"]
[White "Weiland, Thomas"]
[Black "Schmittdiel, Eckhard"]
[Result "0-1"]
[WhiteElo "1847"]
[BlackElo "2450"]
[PlyCount "56"]
[EventDate "2014.11.??"]
[EventType "swiss"]
[EventRounds "7"]
[EventCountry "GER"]
[WhiteTeam "SV Oberursel"]
[BlackTeam "SC Hansa Dortmund"]

1. e4 c5 2. Nf3 Nc6 3. c3 e6 4. d4 d5 5. exd5 exd5 6. Bb5 c4 7. O-O Bd6 8. Re1+
Nge7 9. Bxc6+ bxc6 10. Bg5 O-O 11. b3 cxb3 12. axb3 f6 13. Bd2 Bg4 14. h3 Bh5
15. g4 Bf7 16. Na3 Qd7 17. Nc2 h5 18. Ne3 hxg4 19. hxg4 g5 20. Kg2 Bg6 21. Nh2
Kf7 22. Rh1 Rh8 23. Qe2 Be4+ 24. f3 Ng6 25. Nf5 Bxf5 26. gxf5 Nh4+ 27. Kf2 Nxf5
28. Rag1 Bxh2 0-1

[Event "Schloss op 1st"]
[Site "Heusenstamm"]
[Date "2014.11.20"]
[Round "1.9"]
[White "Inkiov, Ventzislav"]
[Black "Schindelmeiser, Frank"]
[Result "1-0"]
[WhiteElo "2429"]
[BlackElo "1834"]
[PlyCount "95"]
[EventDate "2014.11.??"]
[EventType "swiss"]
[EventRounds "7"]
[EventCountry "GER"]
[BlackTeam "SV Oberursel"]

1. d4 Nf6 2. c4 c5 3. e3 g6 4. Nc3 Bg7 5. Nf3 b6 6. Bd3 O-O 7. O-O Bb7 8. d5 d6
9. e4 Nbd7 10. Bf4 Ng4 11. Qd2 Nde5 12. Nxe5 dxe5 13. Bg5 h6 14. Bh4 Nf6 15.
Bxf6 exf6 16. a3 Qd7 17. Qc2 Bc8 18. b4 f5 19. bxc5 bxc5 20. Rab1 fxe4 21. Nxe4
f5 22. Nxc5 Qe7 23. Nb3 e4 24. Be2 Qh4 25. f4 g5 26. g3 Qh3 27. c5 Rf6 28. Bc4
gxf4 29. Rxf4 Rg6 30. d6+ Kh7 31. Qg2 Qh5 32. Bf7 Rb8 33. Rff1 Ba6 34. d7 Bxf1
35. Rxf1 Qg5 36. Bxg6+ Kxg6 37. Qc2 Be5 38. Kh1 Qe7 39. c6 Bc7 40. Nd4 Rf8 41.
Qc4 Bb6 42. Qe6+ Qf6 43. Qe8+ Kh7 44. Ne6 Rg8 45. c7 Bxc7 46. Nxc7 e3 47. Nd5
Qd6 48. Rxf5 1-0

[Event "Schloss op 1st"]
[Site "Heusenstamm"]
[Date "2014.11.20"]
[Round "1.10"]
[White "Khrapko, Marko"]
[Black "Skembris, Spyridon"]
[Result "0-1"]
[WhiteElo "1830"]
[BlackElo "2420"]
[PlyCount "110"]
[EventDate "2014.11.??"]
[EventType "swiss"]
[EventRounds "7"]
[EventCountry "GER"]
[WhiteTeam "SV KS 1929 Großauheim"]
[BlackTeam "SF Zaehringen"]

1. e4 c6 2. Nf3 g6 3. d4 Bg7 4. c4 d6 5. h3 Nd7 6. Nc3 a6 7. a4 a5 8. Be2 e5 9.
Be3 Ngf6 10. O-O O-O 11. Qc2 exd4 12. Nxd4 Qe7 13. Bd3 Nc5 14. Rfe1 Re8 15. f3
Nxd3 16. Qxd3 Nd7 17. Qc2 Nc5 18. Rad1 Be5 19. Nde2 f5 20. Bxc5 dxc5 21. f4 Bg7
22. e5 Be6 23. b3 Qh4 24. Kh2 Rad8 25. Rf1 Qe7 26. Ng1 g5 27. g3 gxf4 28. gxf4
Bh6 29. Nce2 Qh4 30. Rxd8 Rxd8 31. Qc3 b6 32. Qe3 Rd7 33. Qf3 Rc7 34. Rd1 Bf8
35. Qg2+ Kh8 36. Nf3 Qe7 37. Ng5 Rd7 38. Rxd7 Bxd7 39. Qf2 h6 40. Nf3 b5 41.
Qe3 bxc4 42. bxc4 Be6 43. Qc3 Qd8 44. Qc2 Be7 45. Ng3 Qd7 46. Qd2 Qc7 47. Qc2
Qc8 48. Qd3 Kg7 49. Nf1 Qb7 50. Qc2 Qb4 51. Ne3 Kg6 52. Qg2+ Kf7 53. Qc2 Qa3
54. Nxf5 Qxf3 55. Nxe7 Qxf4+ 0-1

[Event "Schloss op 1st"]
[Site "Heusenstamm"]
[Date "2014.11.20"]
[Round "1.11"]
[White "Zuyev, Igor"]
[Black "Berkes, Joerg"]
[Result "1-0"]
[WhiteElo "2379"]
[BlackElo "1775"]
[PlyCount "61"]
[EventDate "2014.11.??"]
[EventType "swiss"]
[EventRounds "7"]
[EventCountry "GER"]
[WhiteTeam "SC Heusenstamm"]
[BlackTeam "SK Langen"]

1. e4 e6 2. d4 d5 3. Nc3 Bb4 4. e5 c5 5. Bd2 cxd4 6. Nb5 Bc5 7. Qg4 Kf8 8. b4
Be7 9. Nf3 Nc6 10. Nbxd4 Qb6 11. c3 Nxd4 12. Nxd4 Qc7 13. Qf4 f6 14. exf6 Bd6
15. fxg7+ Kxg7 16. Qg4+ Kf7 17. Qh5+ Kg7 18. Nb5 Qd8 19. Bd3 Be7 20. O-O Bd7
21. Rae1 Qe8 22. Qe5+ Bf6 23. Qg3+ Kf8 24. Nc7 Qc8 25. Nxa8 Qxa8 26. Qd6+ Ke8
27. c4 Be7 28. Rxe6 Bxe6 29. Qxe6 Qd8 30. cxd5 Kf8 31. Rc1 1-0

[Event "Schloss op 1st"]
[Site "Heusenstamm"]
[Date "2014.11.20"]
[Round "1.12"]
[White "Blank, Stefan"]
[Black "Carow, Johannes"]
[Result "0-1"]
[WhiteElo "1808"]
[BlackElo "2398"]
[PlyCount "60"]
[EventDate "2014.11.??"]
[EventType "swiss"]
[EventRounds "7"]
[EventCountry "GER"]
[WhiteTeam "SC Sulzbach"]
[BlackTeam "SF Heidesheim"]

1. e4 c5 2. Nf3 Nc6 3. g3 g6 4. Bg2 Bg7 5. O-O d6 6. d3 e5 7. Nbd2 Nge7 8. a4
O-O 9. Nc4 f5 10. exf5 gxf5 11. c3 d5 12. Na3 Ng6 13. Bg5 Bf6 14. Bxf6 Rxf6 15.
Ne1 f4 16. Nec2 Be6 17. Re1 Qd7 18. f3 h5 19. d4 Raf8 20. dxc5 fxg3 21. hxg3 h4
22. g4 h3 23. Bh1 Nh4 24. Re3 d4 25. cxd4 exd4 26. Rd3 Qc7 27. Qe1 h2+ 28. Kf1
Nxf3 29. Rxf3 Rxf3+ 30. Bxf3 h1=Q+ 0-1

[Event "Schloss op 1st"]
[Site "Heusenstamm"]
[Date "2014.11.20"]
[Round "1.13"]
[White "Solonar, Stefan"]
[Black "Ruell, Michael"]
[Result "1-0"]
[WhiteElo "2350"]
[BlackElo "1782"]
[PlyCount "45"]
[EventDate "2014.11.??"]
[EventType "swiss"]
[EventRounds "7"]
[EventCountry "GER"]
[WhiteTeam "SC Heusenstamm"]
[BlackTeam "SC 1952 Obertshausen"]

1. c4 Nf6 2. Nc3 g6 3. e4 d6 4. d4 Bg7 5. Nf3 O-O 6. Be2 e5 7. O-O Nc6 8. d5
Ne7 9. Nd2 Ne8 10. b4 f5 11. c5 Nf6 12. f3 f4 13. Nc4 b5 14. Nxb5 a6 15. cxd6
axb5 16. dxe7 Qxe7 17. Na3 Qxb4 18. Nxb5 Bd7 19. a4 Nh5 20. Ba3 Qa5 21. Qe1
Rfb8 22. Qxa5 Rxa5 23. Bb4 1-0

[Event "Schloss op 1st"]
[Site "Heusenstamm"]
[Date "2014.11.20"]
[Round "1.14"]
[White "Paeslack, Luis"]
[Black "Klundt, Klaus"]
[Result "0-1"]
[WhiteElo "1777"]
[BlackElo "2320"]
[PlyCount "68"]
[EventDate "2014.11.??"]
[EventType "swiss"]
[EventRounds "7"]
[EventCountry "GER"]
[WhiteTeam "SK Mainaschaff"]
[BlackTeam "SC Heusenstamm"]

1. e4 c5 2. c3 Nf6 3. e5 Nd5 4. d4 cxd4 5. cxd4 d6 6. Qb3 dxe5 7. dxe5 Qc7 8.
Bf4 Nxf4 9. Qa4+ Nc6 10. Qxf4 Qxe5+ 11. Qxe5 Nxe5 12. Nc3 e6 13. Nb5 Bb4+ 14.
Kd1 Ke7 15. Be2 Rd8+ 16. Kc2 Bd7 17. Kb3 Bc5 18. f4 Nc6 19. Rc1 Be3 20. Rf1 a6
21. Nc3 Rac8 22. Rf3 Nd4+ 23. Ka3 Nc2+ 24. Kb3 Na1+ 25. Ka3 Bc5+ 26. b4 Nc2+
27. Kb3 Nd4+ 28. Ka3 Bxb4+ 29. Kxb4 a5+ 30. Kxa5 Nxf3 31. Bxf3 Rxc3 32. Kb4 Rc1
33. g3 Rb1+ 34. Ka3 Ra8# 0-1

[Event "Schloss op 1st"]
[Site "Heusenstamm"]
[Date "2014.11.20"]
[Round "1.15"]
[White "Alber, Horst"]
[Black "Bunjaku, Lulzim"]
[Result "1-0"]
[WhiteElo "2305"]
[BlackElo "1802"]
[PlyCount "53"]
[EventDate "2014.11.??"]
[EventType "swiss"]
[EventRounds "7"]
[EventCountry "GER"]
[WhiteTeam "SK Marburg 1931/72"]
[BlackTeam "SC Heusenstamm"]

1. d4 f5 2. g3 Nf6 3. Bg2 d5 4. c4 e6 5. Nf3 Be7 6. O-O O-O 7. Qc2 c6 8. e3
Nbd7 9. cxd5 cxd5 10. Nc3 b6 11. Ng5 Nb8 12. Bd2 Ne4 13. Ngxe4 fxe4 14. Nxe4
Ba6 15. Rfc1 dxe4 16. Qxe4 Qd7 17. Qxa8 Bd6 18. Qe4 Qf7 19. f4 Nd7 20. Qc6 Qe7
21. Qa4 Bd3 22. Rc6 a5 23. Rac1 Ba6 24. b4 Bb7 25. Rxd6 Qxd6 26. Bxb7 e5 27.
Qc6 1-0

[Event "Schloss op 1st"]
[Site "Heusenstamm"]
[Date "2014.11.20"]
[Round "1.16"]
[White "Sanati, Charlotte"]
[Black "Dorst, Johannes"]
[Result "1/2-1/2"]
[WhiteElo "1776"]
[BlackElo "2254"]
[PlyCount "167"]
[EventDate "2014.11.??"]
[EventType "swiss"]
[EventRounds "7"]
[EventCountry "GER"]
[WhiteTeam "SG Trier"]
[BlackTeam "SK Marburg 1931/72"]

1. e4 c5 2. Nf3 d6 3. d4 cxd4 4. Nxd4 Nf6 5. Nc3 a6 6. Bc4 e6 7. Bb3 Nbd7 8.
Bg5 Nc5 9. f3 Be7 10. O-O O-O 11. Kh1 Qc7 12. Qe2 b5 13. Rad1 Rd8 14. a3 Nxb3
15. Nxb3 Bb7 16. Rfe1 Rac8 17. Nd4 Ne8 18. Bxe7 Qxe7 19. Qf2 Rc4 20. Rd3 Nf6
21. Qh4 Nd5 22. Qxe7 Nxe7 23. Nb3 Rc7 24. Red1 d5 25. Kg1 Rdc8 26. g3 h6 27. e5
Nc6 28. f4 b4 29. axb4 Nxb4 30. R3d2 Kf8 31. Nd4 Rc4 32. Kf2 Ke7 33. Ke2 Bc6
34. f5 Bd7 35. g4 Nc6 36. Nxc6+ R8xc6 37. h3 h5 38. Rd4 hxg4 39. hxg4 Rc8 40.
R1d3 Rxd4 41. Rxd4 Rh8 42. fxe6 fxe6 43. Rf4 Be8 44. Rf2 Rh3 45. Rf3 Rh4 46.
Rf4 Rh2+ 47. Rf2 Rh1 48. Rf1 Rxf1 49. Kxf1 Bg6 50. Ne2 Bxc2 51. Nd4 Bd1 52. g5
Ba4 53. Kf2 Bd7 54. Ke3 Kd8 55. Kd2 Kc7 56. Kc3 Kb6 57. Kb4 a5+ 58. Kc3 Bc8 59.
Kb3 Kc5 60. Kc3 Bd7 61. Nb3+ Kb6 62. Nd4 Kc7 63. Kd3 Bc8 64. Kc3 Kb6 65. Kb3
Kc5 66. Kc3 a4 67. b3 axb3 68. Nxb3+ Kc6 69. Nd4+ Kd7 70. Kd2 Ke7 71. Ke3 Ba6
72. Kf4 Bd3 73. Nc6+ Kd7 74. Nd4 Bg6 75. Ke3 Be4 76. Kf4 Bg2 77. Kg3 Bf1 78.
Kf2 Bh3 79. Kg3 Bf5 80. Kf4 g6 81. Ke3 Kc7 82. Kd2 Kb6 83. Kc3 Bg4 84. Kb4
1/2-1/2

[Event "Schloss op 1st"]
[Site "Heusenstamm"]
[Date "2014.11.20"]
[Round "1.17"]
[White "Cordes, Hans Joerg"]
[Black "Krastev, Alexander"]
[Result "1-0"]
[WhiteElo "2243"]
[BlackElo "1745"]
[PlyCount "59"]
[EventDate "2014.11.??"]
[EventType "swiss"]
[EventRounds "7"]
[EventCountry "GER"]
[WhiteTeam "VSG 1880 Offenbach"]
[BlackTeam "Sfr Biebertal"]

1. d4 Nf6 2. c4 c5 3. d5 g6 4. Nc3 Bg7 5. e4 d6 6. Bd3 O-O 7. h3 e6 8. Nf3 exd5
9. cxd5 Nbd7 10. O-O a6 11. a4 Rb8 12. Bf4 Qc7 13. Rc1 Ne8 14. b4 c4 15. Bb1 b5
16. axb5 axb5 17. Nd4 Ba6 18. Qd2 Bxd4 19. Qxd4 Qb6 20. Qd2 Ne5 21. Be3 Qd8 22.
f4 Nd7 23. Bd4 f6 24. Bc2 Ng7 25. Ra1 Ra8 26. Ra5 Qc7 27. Rfa1 Qb7 28. Bd1 Rfe8
29. Bf3 Nb8 30. Bxf6 1-0

[Event "Schloss op 1st"]
[Site "Heusenstamm"]
[Date "2014.11.20"]
[Round "1.18"]
[White "Leichum, Engelbert"]
[Black "Baskin, Robert"]
[Result "0-1"]
[WhiteElo "1745"]
[BlackElo "2212"]
[PlyCount "88"]
[EventDate "2014.11.??"]
[EventType "swiss"]
[EventRounds "7"]
[EventCountry "GER"]
[BlackTeam "TuS Makkabi Frankfurt"]

1. e4 c5 2. Bc4 d6 3. d3 Nf6 4. c3 e6 5. Nf3 d5 6. exd5 exd5 7. Qe2+ Be7 8. Bb3
Nc6 9. Bg5 O-O 10. O-O h6 11. Bh4 Be6 12. Nbd2 Qb6 13. h3 Rfe8 14. Rae1 Rad8
15. Bg3 Nd7 16. Ne5 Ndxe5 17. Bxe5 Nxe5 18. Qxe5 Bd6 19. Qh5 Bb8 20. Rb1 Qa6
21. Qf3 Qd6 22. Qg3 Qxg3 23. fxg3 Bxg3 24. Rf3 Be5 25. Re1 Bf6 26. Bc2 b5 27.
Ref1 b4 28. cxb4 cxb4 29. Rxf6 gxf6 30. Rxf6 Kg7 31. Rf4 Rc8 32. Bb3 Rc1+ 33.
Kh2 a5 34. Rd4 Ra8 35. Bxd5 Bxd5 36. Rxd5 Ra1 37. a3 bxa3 38. bxa3 Rxa3 39. Nc4
Ra1 40. Nb6 Ra6 41. Nc4 a4 42. Ra5 Rxa5 43. Nxa5 a3 44. Nb3 Rb1 0-1

[Event "Schloss op 1st"]
[Site "Heusenstamm"]
[Date "2014.11.20"]
[Round "1.19"]
[White "Von Rahden, Arvid"]
[Black "Krastev, Ivan"]
[Result "1-0"]
[WhiteElo "2190"]
[BlackElo "1742"]
[PlyCount "45"]
[EventDate "2014.11.??"]
[EventType "swiss"]
[EventRounds "7"]
[EventCountry "GER"]
[WhiteTeam "SC Heusenstamm"]
[BlackTeam "Sfr Biebertal"]

1. e4 e5 2. Bc4 Nf6 3. d4 exd4 4. Nf3 Bb4+ 5. c3 dxc3 6. bxc3 Ba5 7. e5 d5 8.
Qa4+ c6 9. exf6 dxc4 10. fxg7 Rg8 11. O-O b5 12. Qa3 Bc7 13. Re1+ Be6 14. Bh6
Qe7 15. Ng5 Bd6 16. Qc1 Kd7 17. Nxh7 Qh4 18. g3 Qh3 19. Nf6+ Kc7 20. Bf4 Bd5
21. Bxd6+ Kxd6 22. Qf4+ Kc5 23. Qe3+ 1-0

[Event "Schloss op 1st"]
[Site "Heusenstamm"]
[Date "2014.11.20"]
[Round "1.20"]
[White "Faerber, David"]
[Black "Chandler, Patrick"]
[Result "0-1"]
[WhiteElo "1732"]
[BlackElo "2178"]
[PlyCount "114"]
[EventDate "2014.11.??"]
[EventType "swiss"]
[EventRounds "7"]
[EventCountry "GER"]
[WhiteTeam "SV Walldorf"]
[BlackTeam "SC 1934 Gelnhausen"]

1. e4 c5 2. Nf3 Nc6 3. d4 cxd4 4. Nxd4 e5 5. Nb5 a6 6. Nd6+ Bxd6 7. Qxd6 Qf6 8.
Qxf6 Nxf6 9. Nc3 d5 10. Nxd5 Nxd5 11. exd5 Nb4 12. Bd3 Nxd3+ 13. cxd3 Bf5 14.
Ke2 O-O-O 15. Be3 Rxd5 16. Rhd1 Rhd8 17. Rac1+ Kb8 18. Rc3 h6 19. f3 b5 20. b4
Kb7 21. a3 R8d7 22. Bf2 e4 23. d4 Bg6 24. Rdc1 exf3+ 25. Kxf3 Rf5+ 26. Ke2 Rf6
27. h3 Be4 28. g3 Bg2 29. h4 Bh3 30. d5 Bg2 31. Bd4 Rf5 32. Rc6 Rfxd5 33. Rb6+
Ka7 34. Be3 Rd2+ 35. Bxd2 Kxb6 36. Be3+ Kb7 37. g4 Bd5 38. Ra1 Re7 39. g5 h5
40. Rd1 Kc6 41. Rd4 Kd6 42. Kf2 Ke5 43. Rd1 Bc4 44. Bc5 Re6 45. Re1+ Kf4 46.
Rxe6 fxe6 47. Bf8 g6 48. Bd6+ Kg4 49. Ke3 Kxh4 50. Kf4 Kh3 51. Ke5 Kg2 52. Kf6
Bd3 53. Kxe6 h4 54. Kd5 h3 55. Kc6 h2 56. Bxh2 Kxh2 57. Kb6 Kg3 0-1

[Event "Schloss op 1st"]
[Site "Heusenstamm"]
[Date "2014.11.20"]
[Round "1.21"]
[White "Schreiner, Roland"]
[Black "Neukirchner, Pascal"]
[Result "1-0"]
[WhiteElo "2150"]
[BlackElo "1726"]
[PlyCount "33"]
[EventDate "2014.11.??"]
[EventType "swiss"]
[EventRounds "7"]
[EventCountry "GER"]
[WhiteTeam "SC Heusenstamm"]
[BlackTeam "SK Gruendau"]

1. d4 Nf6 2. c4 e6 3. Nc3 Bb4 4. Qc2 c5 5. e3 Nc6 6. Nf3 b6 7. Bd3 d5 8. cxd5
Nxd5 9. O-O cxd4 10. Nxd5 Qxd5 11. Be4 Qd6 12. Qxc6+ Qxc6 13. Bxc6+ Bd7 14.
Bxa8 O-O 15. Be4 Bb5 16. Rd1 f5 17. Bd3 1-0

[Event "Schloss op 1st"]
[Site "Heusenstamm"]
[Date "2014.11.20"]
[Round "1.22"]
[White "Gelfenbaum, Daniel"]
[Black "Heider, Martin"]
[Result "0-1"]
[WhiteElo "1715"]
[BlackElo "2132"]
[PlyCount "44"]
[EventDate "2014.11.??"]
[EventType "swiss"]
[EventRounds "7"]
[EventCountry "GER"]
[WhiteTeam "TuS Makkabi Frankfurt"]
[BlackTeam "SC Herxheim"]

1. e4 c6 2. d4 d5 3. Nc3 dxe4 4. Nxe4 Bf5 5. Ng3 Bg6 6. Nf3 Nd7 7. h4 h6 8. h5
Bh7 9. Bd3 Bxd3 10. Qxd3 e6 11. Bd2 Ngf6 12. O-O-O Be7 13. Qe2 Rc8 14. Ne5 c5
15. Be3 c4 16. Nxc4 Qc7 17. Na3 Bxa3 18. bxa3 O-O 19. Rh3 Qa5 20. Rd3 Qd5 21.
Rh1 Qxa2 22. Rb3 Qxb3 0-1

[Event "Schloss op 1st"]
[Site "Heusenstamm"]
[Date "2014.11.20"]
[Round "1.23"]
[White "Schupp, Tobias"]
[Black "Voeller, Lothar"]
[Result "1/2-1/2"]
[WhiteElo "2130"]
[BlackElo "1715"]
[PlyCount "170"]
[EventDate "2014.11.??"]
[EventType "swiss"]
[EventRounds "7"]
[EventCountry "GER"]
[WhiteTeam "SK Niederbrechen 1948"]
[BlackTeam "FS Dortmund"]

1. e4 c5 2. c3 g6 3. Bc4 Bg7 4. Nf3 Nc6 5. O-O d6 6. d4 cxd4 7. cxd4 e5 8. Bg5
Nf6 9. dxe5 dxe5 10. Qxd8+ Nxd8 11. Nxe5 O-O 12. Nc3 Ne6 13. Be3 Nxe4 14. Nxg6
hxg6 15. Nxe4 Bxb2 16. Rab1 Bg7 17. Bd5 Rb8 18. Bxa7 Ra8 19. Be3 Nd8 20. Bc5
Re8 21. Nd6 Re5 22. Rfd1 Be6 23. Bxb7 Nxb7 24. Nxb7 Rxa2 25. Be3 Rd5 26. Nc5
Rxd1+ 27. Rxd1 Bf5 28. Rd8+ Kh7 29. h3 Be5 30. g4 Bc2 31. Kg2 Ra1 32. Rd7 Kg8
33. h4 Rd1 34. Ra7 Bd4 35. Bxd4 Rxd4 36. Kg3 Bd1 37. f3 Rc4 38. Ne4 Ra4 39. Rd7
Bb3 40. Rd8+ Kg7 41. g5 Ra6 42. Nf6 Rxf6 43. gxf6+ Kxf6 44. Kf4 Be6 45. Rb8 Kg7
46. Ke5 Bh3 47. Re8 f6+ 48. Kd6 Kf7 49. Re7+ Kf8 50. f4 Bg4 51. Rb7 Bf5 52.
Rb8+ Kf7 53. Rb7+ Kf8 54. Rb5 Bg4 55. Ra5 Kf7 56. Ra7+ Kf8 57. Kd5 Bf5 58. Rh7
Kg8 59. Rb7 Kf8 60. Rb2 Ke7 61. Re2+ Kf7 62. Kd6 Bg4 63. Rh2 Bh5 64. Rg2 Bf3
65. Rg3 Bh5 66. Kd7 Be2 67. Kd6 Bd1 68. Kd5 Bc2 69. Rc3 Bf5 70. Kd6 Bg4 71. Rc5
Bh3 72. h5 gxh5 73. f5 Bxf5 74. Rxf5 Kg6 75. Ke6 h4 76. Rxf6+ Kg5 77. Rf8 h3
78. Ke5 Kg4 79. Ke4 Kg3 80. Ke3 Kg2 81. Rg8+ Kf1 82. Rh8 Kg2 83. Kf4 h2 84.
Rg8+ Kf2 85. Rh8 Kg2 1/2-1/2

[Event "Schloss op 1st"]
[Site "Heusenstamm"]
[Date "2014.11.20"]
[Round "1.24"]
[White "Miller, Justin"]
[Black "Holzschuh, Gerald"]
[Result "0-1"]
[WhiteElo "1712"]
[BlackElo "2118"]
[PlyCount "42"]
[EventDate "2014.11.??"]
[EventType "swiss"]
[EventRounds "7"]
[EventCountry "GER"]
[WhiteTeam "Sfr 1932 Kelkheim"]
[BlackTeam "SC Bad Nauheim"]

1. e4 d6 2. d4 Nf6 3. Nc3 g6 4. Be2 Bg7 5. Nf3 O-O 6. O-O c6 7. h3 b5 8. e5 Ne8
9. Bf4 f6 10. Bd3 fxe5 11. Bg5 exd4 12. Ne4 Qc7 13. Qd2 e5 14. Ng3 Nd7 15. Nh4
Nc5 16. f4 Nxd3 17. cxd3 exf4 18. Rxf4 Rxf4 19. Qxf4 Be5 20. Qf3 Qf7 21. Qxc6
Bb7 0-1

[Event "Schloss op 1st"]
[Site "Heusenstamm"]
[Date "2014.11.20"]
[Round "1.25"]
[White "Simon, Eric"]
[Black "Ovsepyan, Mikhail"]
[Result "1-0"]
[WhiteElo "2114"]
[BlackElo "1692"]
[PlyCount "93"]
[EventDate "2014.11.??"]
[EventType "swiss"]
[EventRounds "7"]
[EventCountry "GER"]
[WhiteTeam "SV Bannewitz"]
[BlackTeam "Sfr Frankfurt 1921"]

1. Nf3 Nf6 2. g3 e6 3. Bg2 Be7 4. O-O O-O 5. d4 Nc6 6. c4 d5 7. Qc2 Nb4 8. Qb3
c5 9. Rd1 dxc4 10. Qxc4 a6 11. Qb3 Qc7 12. Bf4 Qb6 13. Nc3 Nbd5 14. Nxd5 Nxd5
15. Qxb6 Nxb6 16. dxc5 Bxc5 17. Rac1 Be7 18. Bd6 Bxd6 19. Rxd6 Nd5 20. Ne5 b5
21. Nc6 Bb7 22. Bxd5 exd5 23. Ne7+ Kh8 24. Rc7 Bc8 25. Nxc8 Raxc8 26. Rxc8 Rxc8
27. Rxa6 g6 28. Rb6 Rc1+ 29. Kg2 Rc5 30. e3 Kg7 31. h4 h5 32. Kf3 f6 33. b4 Rc3
34. Rxb5 d4 35. Rd5 dxe3 36. fxe3 Ra3 37. Ra5 Rc3 38. Ra7+ Kf8 39. b5 Rc8 40.
b6 Rb8 41. b7 Ke7 42. a4 Kd7 43. a5 Kc7 44. a6 Kb6 45. Ra8 Kc7 46. Ke4 g5 47.
Kf5 1-0